FTU Royal Rumble Match Participants - Statistics

General Stats
  • This quiz has been taken 36 times
  • The average score is 264 of 600
Answer Stats
Entry Number Entrant % Correct
10 Charlotte Flair
75%
20 | 21 John Cena
75%
13 | 21 The Rock
75%
11 Triple H
75%
9 | 11 4BIDDEN1
50%
5 AJ Styles
50%
2 | 4 | 21 Akira Blade
50%
28 Aleister Black
50%
1 Alexander Nickilovich
50%
10 | 17 Alex Kid
50%
16 | 27 Allie Katz
50%
28 AllRdy
50%
7 | 13 | 18 Amaya
50%
4 Amber Violet
50%
6 | 10 | 13 Angel
50%
20 Angela
50%
8 Angela Steiner
50%
3 Ashleigh Hale
50%
5 | 13 | 17 | 29 Ashley Manix
50%
21 | 27 Asuka
50%
5 Avery Manix
50%
8 Ayame Tsugoyami
50%
29 4BIDDEN1
50%
1 Bam
50%
1 Baron Corbin
50%
12 Bayley
50%
30 Banshee
50%
27 Big Hutchie
50%
23 Brett Storm
50%
26 Brian Cage
50%
15 Becky Lynch
50%
21 Elijah Archer
50%
16 Beretta Blade
50%
25 Gothopotamus
50%
7 BGS
50%
30 Bianca Belair
50%
9 Big Cheese
50%
12 | 15 | 18 | 20 Big Hutchie
50%
1 | 3 | 15 | +2 others Big Lenny
50%
29 Kevin Owens
50%
2 | 6 | 11 | +4 others Blade
50%
25 | 29 Blue Rose
50%
16 | 22 MadCapthulhu
50%
26 Markus Black
50%
29 Midori
50%
25 Odin
50%
5 | 24 Bray Wyatt
50%
24 Bretta Storm
50%
1 | 6 | 9 | +7 others Brett Storm
50%
15 | 18 | 25 | 29 Brian Cage
50%
22 Rob Terry
50%
16 | 30 Brock Lesnar
50%
1 Brunnhilde
50%
26 Saskia
50%
30 Scoobat Doo
50%
9 | 18 | 21 | +2 others Bubba Burns
50%
6 | 8 | 13 | +3 others Buck
50%
1 | 8 | 15 Bulee Johnson
50%
27 Violet Evelyn
50%
23 | 30 Carlito
50%
4 | 7 | 9 | 14 Chase Owens
50%
20 Chase Violet
50%
4 | 28 Cherry Blazt
50%
11 | 15 Cherry Blazt-Blackveil
50%
25 Cheya Mackay
50%
23 Cheyanne MacKay
50%
26 Cheyanne Manix
50%
22 Cheyanne McKay
50%
4 | 11 | 20 | +3 others Chris Danger
50%
4 Chris Jericho
50%
25 Chyna
50%
25 Cluck
50%
10 | 16 | 18 | 28 CM Punk
50%
2 | 11 | 23 Cody Rhodes
50%
7 | 12 | 23 Curtis Stunt
50%
5 | 24 | 29 Dallas Blackhart
50%
30 Daniel Bryan
50%
6 | 7 | 13 | +3 others Declan Manix
50%
4 Django Freedman
50%
9 D.J. Wolf
50%
7 | 14 DreamCatcher
50%
26 Drew McIntyre
50%
5 Drifter
50%
6 Dr. Morgue
50%
7 | 17 Eddie Carlito
50%
7 Edge
50%
20 EL6
50%
7 | 14 | 24 | 27 Eli Ace
50%
2 | 7 Elijah Archer
50%
8 Elizabeth Sakamoto
50%
4 | 7 | 8 | +8 others Flashbang
50%
14 | 24 Freya
50%
17 Gabriel Lovecraft
50%
24 | 29 Gambit
50%
28 Gatorcroc
50%
13 Gothopotamus
50%
8 Ichigo
50%
2 | 3 | 26 Ivy Venus
50%
19 | 30 Jade
50%
9 Jade Johnson
50%
15 | 20 | 21 Jared Crowe
50%
22 Jay Money
50%
12 | 14 | 16 Jazmin
50%
10 Jeff Hardy
50%
8 Jesse Heartache
50%
6 | 9 | 15 | 25 Jessica Storm
50%
9 Jillian Storm
50%
5 Joker The Wize
50%
27 Jordynne Grace
50%
20 Kane
50%
27 Kang
50%
6 | 12 Kaylee
50%
30 Keith Lee
50%
1 | 6 | 11 | +3 others Kenny Omega
50%
23 Kimberly Vale
50%
17 KINGOFRAGE
50%
4 Kingofstrongest
50%
7 | 19 | 23 Kobe Bryant
50%
1 | 6 | 8 | +4 others Krath
50%
20 | 24 | 26 | 29 Lance Archer
50%
8 | 22 | 24 | 26 Lee Johnson
50%
3 Legacy
50%
3 Leviathan
50%
16 Lilith Black
50%
10 | 13 Lil'Klown
50%
19 | 29 Lindsey
50%
17 | 26 Lio Rush
50%
27 Lobito
50%
29 Luke Heart
50%
4 | 13 Lulu
50%
1 | 2 | 5 | +5 others MadCapthulhu
50%
3 Mai Lee
50%
18 | 21 Malachi
50%
28 Mandy Rose
50%
1 | 2 | 10 Marca Rivera
50%
29 Markus
50%
16 Markus Black
50%
3 | 11 | 28 Markus Rivera
50%
27 Markus White
50%
5 | 9 | 10 | +7 others Martin Lee
50%
16 Mask Proper
50%
8 | 10 Mason Suzuki
50%
25 | 27 MaSonya Suzuki
50%
18 | 27 | 29 Matteo
50%
15 | 20 | 25 Matthew Storm
50%
6 | 25 Maverick
50%
14 | 23 | 26 McGill
50%
18 | 20 MC Punk
50%
3 Medusa
50%
12 | 30 Mghade Kozovic
50%
1 | 6 | 9 | 17 Midori
50%
29 Moxie Rose
50%
26 Murphy The Dragon
50%
8 | 13 | 16 | +3 others Nightmare
50%
17 | 22 Nikita Ragehart
50%
7 | 18 | 21 | 22 Ninetales
50%
22 Noelle
50%
27 Odin
50%
21 Owen Hart
50%
8 Page Frost
50%
22 Paul Justice
50%
7 | 26 Persephone Blackveil
50%
1 Prisha Jain
50%
26 Project Mitch
50%
21 Rex Steiner
50%
4 Riley Frost
50%
13 | 14 | 19 | 22 Rob Terry
50%
4 | 6 | 11 | +2 others Rob Van Dam
50%
7 | 18 Roman Reigns
50%
9 | 12 | 17 | +4 others Rose
50%
2 Sami Zayn
50%
6 | 28 Sarah Chan
50%
2 | 19 | 23 | 24 Sara Lynne
50%
16 Sasha Banks
50%
18 | 24 Saskia
50%
15 Saucy
50%
2 | 3 | 7 | +4 others Scoobat Doo
50%
15 Scooby Doo
50%
5 Shayna Baszler
50%
28 Sheamus
50%
10 | 24 SKYLA
50%
8 Skyla
50%
2 | 25 | 28 Slender
50%
11 | 14 | 20 | 29 Slim
50%
15 | 16 | 23 Sophia Balmer
50%
3 | 8 Tajiri
50%
15 | 19 | 23 Taryn Burnstorm
50%
12 | 15 | 16 | 17 Taylon Blackveil
50%
2 | 20 The Flash
50%
2 The Gremlin
50%
19 The Miz
50%
3 | 19 The Sandman
50%
17 The Undertaker
50%
4 | 15 | 16 | +4 others Thomas Payne
50%
25 Titus O'Neil
50%
9 | 16 | 28 TJ Ward
50%
17 Tomdogs
50%
16 | 24 Trish Stratus
50%
4 | 15 | 23 Tyler Abbott
50%
9 Victoria Rivera
50%
5 | 12 | 27 Vincent Green
50%
28 Violet Abbott
50%
5 | 11 | 18 Violet Evelyn
50%
1 | 5 | 11 Violet Ray
50%
17 | 30 Wolf
50%
2 | 3 Wrath
50%
28 | 30 Xoie
50%
21 Zaboo
50%
12 | 15 Zhavia Green
50%
21 Akane Shibata
25%
26 Akira
25%
3 Alexa Bliss
25%
10 Alexander White
25%
11 Amber Oxley
25%
7 | 14 Anastasia Z. Romanova
25%
1 Angelo Walker
25%
11 Ashley Morman
25%
6 Awesome Kong
25%
9 Ax Ishtar
25%
8 | 12 Bad Bunny
25%
14 Bella Lauren Centarro
25%
10 | 24 Billy Kidman
25%
22 Miles Kendrink
25%
14 | 22 Briana Shanen
25%
13 | 19 Brian Quinn
25%
8 Buck Barnett
25%
5 Captain Canuck
25%
19 Carmella
25%
4 Carol Danvers
25%
10 Chris Kanyon
25%
3 | 10 | 20 | 30 Cole Wolff
25%
20 DaBeefcakeBubs
25%
10 | 17 Deadpool
25%
20 Destiny Dixon
25%
9 | 17 Dobey Nova
25%
17 Eleora Idjat
25%
18 Emma Blanchard
25%
30 Heather Swanson
25%
20 Jamie
25%
12 Jason Williams
25%
3 | 5 | 10 | +2 others Jay Jay Evans
25%
8 | 14 | 19 | 25 Jay White
25%
1 | 7 | 8 | +3 others Jushin Thunder Liger
25%
2 | 4 | 12 | 18 Kannibal
25%
20 Kyle
25%
23 Maryse
25%
19 Michael Myers
25%
7 Miles Kendrink
25%
17 | 24 | 28 Miles Morales
25%
23 Morbius
25%
2 | 4 | 5 | 20 Mortis
25%
22 Naomi
25%
3 | 6 | 27 Neville
25%
15 | 23 | 25 Pierce Perch
25%
5 Pokemane
25%
13 Ren Narita
25%
11 Retro Nicotine
25%
11 Richard B. Reddick
25%
1 Santina Marella
25%
5 Scott Buckshot
25%
1 SG Hiro
25%
9 Shinsuke Nakamura
25%
20 Skye Blue
25%
29 Stu Macher
25%
19 Tesandra
25%
3 | 12 The Big Show
25%
16 The Godfather
25%
2 Tifa Lockhart
25%
27 Tiger
25%
5 | 13 | 15 Tommaso Ciampa
25%
9 Ty'Jeir Lawson
25%
11 Udoo
25%
4 Whar Khan
25%
19 | 22 Wyoming Devil
25%
24 Adam Vicious
0%
12 Asbestos
0%
12 Awilix
0%
11 Bleach
0%
3 Broly
0%
6 | 12 | 13 | 16 Darby Allin
0%
13 Eddie Guerrero
0%
2 Evil Gwen
0%
4 Genichiro Tenryu
0%
25 Isaiah Urban
0%
8 | 22 Joel
0%
10 Judith Gravedigger
0%
3 Kaitlyn Jenner
0%
13 Liv Morgan
0%
26 Mia Yim
0%
19 Shelton Benjamin
0%
18 Sonya Deville
0%
2 Tom MacDonald
0%
14 Tyson Oliver
0%
21 Vampiro
0%
No matching quizzes found
Score Distribution
Percent of People with Each Score
Percentile by Number Answered
Your Score History
You have not taken this quiz